all time Los Angeles Lakers team - Statistics

General Stats
  • This quiz has been taken 744 times
  • The average score is 9 of 19
Answer Stats
Position and Number Answer % Correct
Pg #32 Magic Johnson
98%
Sg #24 Kobe Bryant
92%
C #34 Shaquille O'Neal
85%
Pg #44 Jerry West
81%
C #33 Kareem Abdul Jabbar
80%
C #13 Wilt Chamberlain
75%
Sf #22 Elgin Baylor
71%
Sf #42 James Worthy
70%
Pf #16 Pau Gasol
64%
C #99 George Mikan
55%
Sg #25 Gail Goodrich
37%
Sg #4 Byron Scott
29%
Sg #21 Michael Cooper
25%
Pf #45 A.C. Green
21%
Sf #52 Jamaal Wilkes
18%
Pf #7 Lamar Odom
16%
Sg #6 Eddie Jones
12%
Pg #9 Nick Van Exel
12%
Pf #19 Vern Mikklesen
1%
No matching quizzes found
Score Distribution
Percent of People with Each Score
Percentile by Number Answered
Your Score History
You have not taken this quiz